000 00853nam a2200217Ia 4500
001 16859
003 GE_BSU
008 181216s||||||||xx |||||||||||||| ||und||
040 _cGE_BSU
080 _a910.4(26)+910.4(479.22)(092)
245 _aზღვიდან დანახული მსოფლიო
245 _bმოგზაურობის შთაბეჭდილებანი
260 _aთბილისი
260 _bნაკადული
260 _c1972
300 _a279 გვ. : ილ. ; 21 სმ
653 _aგეოგრაფია
653 _aზღვიდან დანახული მსოფლიო
653 _aმოგზაურობა ზღვებსა და ოკეანეებზე; ქართველი მოგზაურები
942 _cBK
999 _c49923
_d49923